| 000 | 01533cgm a22003617a 4500 | ||
|---|---|---|---|
| 007 | vc cgaizm | ||
| 008 | 140217t2010 xxk85 e |||| 0| vleng d | ||
| 020 | _a5014437832733 | ||
| 082 | 0 | 4 |
_222 _a791.4372 _bBRA |
| 245 | 0 | 4 |
_aThe Brady Bunch movie _h[videorecording] / _cParamount Pictures ; produced by Sherwood Schwartz, Lloyd J. Schwartz, David Kirkpatrick ; written by Laurice Elehwany ... [et al.] ; directed by Betty Thomas. |
| 250 | _a1.78 : 1 widescreen | ||
| 260 |
_a[London] : _bParamount Home Entertainment, _cc.2010. |
||
| 300 |
_a1 videodisc (85 min.) : _bsd., col. ; _c4 3/4 in. |
||
| 490 | 0 | _aWidescreen DVD Collection | |
| 508 | _aDirector of photography Mac Ahlberg ; music producer Steve Tyrell. | ||
| 511 | _aShelley Long, Gary Cole, Michael McKean. | ||
| 521 | _aSuitable only for persons of 12 years and over. | ||
| 650 | 0 |
_935315 _aHusband and wife _vDrama |
|
| 650 | 0 |
_930584 _aBrothers and sisters _vDrama. |
|
| 653 |
_bGGEN _cFebruary2014 |
||
| 700 | 1 |
_935316 _aMcKean, Michael, _d1947- |
|
| 700 | 1 |
_935317 _aCole, Gary, _d1956- |
|
| 700 | 1 |
_935318 _aLong, Shelley, _d1949- |
|
| 700 | 1 |
_935319 _aTyrell, Steve, _d1944- |
|
| 700 | 1 |
_935320 _aAhlberg, Mac _d1931-2012 |
|
| 700 | 1 |
_935321 _aThomas, Betty, _d1948- |
|
| 700 | 1 |
_935322 _aElehwany, Laurice |
|
| 700 | 1 |
_935323 _aKirkpatrick, David, _d1951- |
|
| 700 | 1 |
_935324 _aLloyd J. Schwartz, _d1946- |
|
| 700 | 1 |
_935325 _aSchwartz, Sherwood, _c1916-2011 |
|
| 710 | 2 |
_935269 _a Paramount Pictures Corporation (1914-1927) |
|
| 942 |
_2ddc _cDVD _k791.4372 BRA |
||
| 999 |
_c18074 _d18046 |
||